000 00767nam a2200217Ia 4500
003 GCL
008 140319s9999 xx 000 0 ara d
040 _aGCL /
_cGCL
082 0 4 _a816
_bح ر
100 1 _aالحاتمى , ابوبكر محى الدين بن
245 1 0 _aالرسالة الموضحة فى ذكر سرقات ابى الطيب المتنبى وساقط شعره /
_cالحاتمى , ابوبكر محى الدين بن
700 1 _aمحمد يوسف نجم
260 _a[S.N] :
_bدار صادر ،
_c1965
300 _a324 ص
490 _a
650 0 4 _aالشعر العربى
650 0 4 _aالادب العربى
650 0 4 _aدواوين وقصائد
650 0 4 _aالدولة العباسية الثانية
942 _2ddc
_cBK
999 _c32508
_d32508